Statistics for Every Räp Pojat song

Click here to take the quiz!

General Stats

  • This quiz has been taken 9 times
  • The average score is 14 of 18

Answer Stats

YT release dateAnswer% Correct
21.9.2017Chocolate And Cola
100%
30.11.2017Christmas
100%
Coming Soon!Dabbing Machine
100%
15.9.2017Goverment Sucks!
100%
16.9.2017WE ARE BETTER THAN YOU
100%
28.11.2017Ay
80%
2.4.2018Deflex
80%
28.9.2017Doofkopf
80%
13.9.2017EPIC RAP SONG 2017 BIG SNOOP DOGG STYLE BASS DROP NUDITY WARNING
80%
4.12.2017Vegan Is Bad
80%
7.1.2018Womens
80%
14.9.2017Im Love You
60%
13.9.2017Maney And Womens
60%
--Valentine
60%
--Weihnacht
60%
13.9.2017Were Global
60%
(deleted)What's Your Emergency?
60%
4.1.2018I Running
40%

Score Distribution

Percentile by Number Answered

Percent of People with Each Score

Your Score History

You have not taken this quiz